[Event "NATO-ch 25th"]
[Site "Quebec"]
[Date "2014.09.09"]
[Round "3"]
[White "Mestek, Igor"]
[Black "Mottais, Francois"]
[Result "1-0"]
[WhiteElo "2180"]
[BlackElo "2035"]
[PlyCount "89"]
[EventDate "2014.09.08"]
[EventType "team-swiss"]
[EventRounds "7"]
[EventCountry "CAN"]
[SourceTitle "EXT 2015"]
[Source "ChessBase"]
[SourceDate "2014.11.20"]
[SourceVersion "1"]
[SourceVersionDate "2014.11.20"]
[SourceQuality "1"]
[WhiteTeam "Slovenia"]
[BlackTeam "France"]
[WhiteTeamCountry "SLO"]
[BlackTeamCountry "FRA"]

1. e4 c5 2. Nf3 d6 3. d4 cxd4 4. Nxd4 Nf6 5. Nc3 a6 6. Bc4 e6 7. 0-0 Be7 8. Bb3 0-0 9. f4 Nbd7 10. Kh1 Qc7 11. f5 Nc5 12. fxe6 fxe6 13. Bg5 Nfxe4 14. Nxe4 Nxe4 15. Nxe6 Bxe6 16. Bxe6+ Kh8 17. Be3 Rxf1+ 18. Qxf1 Rf8 19. Qc4 Qxc4 20. Bxc4 Nf2+ 21. Kg1 Ng4 22. Bd4 Bf6 23. Rd1 Ne5 24. Bd5 b5 25. c3 a5 26. h3 b4 27. Bb6 bxc3 28. bxc3 a4 29. Ba5 Bd8 30. Bxd8 Rxd8 31. Rd4 Rc8 32. Rxa4 g6 33. Ra8 Rxa8 34. Bxa8 Kg7 35. Bd5 Nd7 36. a4 Nb6 37. Bb3 Kf6 38. Kf2 Ke5 39. Ke3 g5 40. a5 Nc8 41. c4 Na7 42. Bc2 h6 43. Be4 Nc8 44. Bb7 Na7 45. g4 1-0

[Event "NATO-ch 25th"]
[Site "Quebec"]
[Date "2014.09.08"]
[Round "1"]
[White "Tremblay, Mario"]
[Black "Mottais, Francois"]
[Result "0-1"]
[WhiteElo "1653"]
[BlackElo "2035"]
[PlyCount "68"]
[EventDate "2014.09.08"]
[EventType "team-swiss"]
[EventRounds "7"]
[EventCountry "CAN"]
[SourceTitle "EXT 2015"]
[Source "ChessBase"]
[SourceDate "2014.11.20"]
[SourceVersion "1"]
[SourceVersionDate "2014.11.20"]
[SourceQuality "1"]
[WhiteTeam "Canada"]
[BlackTeam "France"]
[WhiteTeamCountry "CAN"]
[BlackTeamCountry "FRA"]

1. e4 c5 2. Nc3 e6 3. f4 d5 4. Bb5+ Nc6 5. Bxc6+ bxc6 6. Nf3 Nf6 7. e5 Ng8 8. d3 h5 9. 0-0 Nh6 10. Ne2 h4 11. h3 Nf5 12. c3 Be7 13. Kh2 Ba6 14. Rg1 Qb6 15. g4 hxg3+ 16. Nxg3 Nh4 17. Nxh4 Rxh4 18. f5 0-0-0 19. Ne2 Rdh8 20. Nf4 R8h7 21. Rg4 exf5 22. Rxh4 Rxh4 23. Qe2 Qc7 24. Ng2 Rh8 25. Bf4 g5 26. Rf1 gxf4 27. Rxf4 f6 28. exf6 Bd6 29. Qe6+ Kb8 30. f7 Bxf4+ 31. Kg1 Bh2+ 32. Kf2 Qg3+ 33. Ke2 Qxd3+ 34. Kf2 Bg3+ 0-1

[Event "NATO-ch 23nd"]
[Site "Brest"]
[Date "2012.10.05"]
[Round "7"]
[White "Nielsen, Rene O"]
[Black "Mottais, Francois"]
[Result "1-0"]
[WhiteElo "2150"]
[BlackElo "2051"]
[PlyCount "73"]
[EventDate "2012.10.01"]
[EventType "swiss"]
[EventRounds "7"]
[EventCountry "FRA"]
[SourceTitle "CBM 150 Extra"]
[Source "ChessBase"]
[SourceDate "2012.10.19"]
[SourceVersion "1"]
[SourceVersionDate "2012.10.19"]
[SourceQuality "1"]

1. e4 c5 2. c3 d5 3. exd5 Qxd5 4. d4 Nf6 5. Nf3 g6 6. Na3 a6 7. Bc4 Qe4+ 8. Be3 Nd5 9. 0-0 Nxe3 10. fxe3 Qxe3+ 11. Kh1 Bg7 12. Qb3 0-0 13. Rae1 Qh6 14. Rxe7 Nc6 15. Rxf7 Rxf7 16. Bxf7+ Kh8 17. dxc5 Ne5 18. Qd5 Nxf3 19. Qxf3 Be5 20. g3 Bh3 21. Re1 Qd2 22. Qe2 Qxe2 23. Rxe2 Rd8 24. Re1 Kg7 25. Bb3 Rf8 26. Nc4 Bb8 27. Nd6 Rf2 28. Bd5 Rxb2 29. Nxb7 Rc2 30. c6 Rxc3 31. Nd8 Kf6 32. Ne6 Be5 33. Nf4 Bf5 34. Kg2 g5 35. Nh5+ Kg6 36. Rxe5 Bb1 37. g4 1-0

[Event "NATO-ch 23nd"]
[Site "Brest"]
[Date "2012.10.04"]
[Round "5"]
[White "Mottais, Francois"]
[Black "Maciokas, Kostas"]
[Result "1-0"]
[WhiteElo "2051"]
[BlackElo "2064"]
[PlyCount "63"]
[EventDate "2012.10.01"]
[EventType "swiss"]
[EventRounds "7"]
[EventCountry "FRA"]
[SourceTitle "CBM 150 Extra"]
[Source "ChessBase"]
[SourceDate "2012.10.19"]
[SourceVersion "1"]
[SourceVersionDate "2012.10.19"]
[SourceQuality "1"]

1. d4 d5 2. c4 e6 3. Nc3 Nf6 4. Nf3 c6 5. Bg5 Nbd7 6. cxd5 exd5 7. e3 Bb4 8. Bd3 Qa5 9. Qc2 0-0 10. 0-0 h6 11. Bxf6 Nxf6 12. h3 Re8 13. Ne5 c5 14. a3 Bxc3 15. bxc3 c4 16. Be2 b5 17. Bf3 Bb7 18. a4 bxa4 19. Rxa4 Qc7 20. Rb1 Bc6 21. Rab4 Re6 22. Qa2 a5 23. Rb6 Nd7 24. Nxd7 Qxd7 25. Bg4 Ba4 26. Bxe6 fxe6 27. Rb8+ Rxb8 28. Rxb8+ Kf7 29. Qa3 Kg6 30. Ra8 Qb5 31. Qe7 Bb3 32. Qxe6+ 1-0

[Event "NATO-ch 23nd"]
[Site "Brest"]
[Date "2012.10.03"]
[Round "4"]
[White "Papista, Akos"]
[Black "Mottais, Francois"]
[Result "1-0"]
[WhiteElo "2159"]
[BlackElo "2051"]
[PlyCount "59"]
[EventDate "2012.10.01"]
[EventType "swiss"]
[EventRounds "7"]
[EventCountry "FRA"]
[SourceTitle "CBM 150 Extra"]
[Source "ChessBase"]
[SourceDate "2012.10.19"]
[SourceVersion "1"]
[SourceVersionDate "2012.10.19"]
[SourceQuality "1"]

1. e4 c5 2. Nf3 d6 3. d4 cxd4 4. Nxd4 Nf6 5. Nc3 a6 6. f4 e5 7. Nf3 Qc7 8. a4 Be7 9. Bd3 Be6 10. Qe2 Nc6 11. f5 Bd7 12. Be3 Rc8 13. h3 Nb4 14. a5 0-0 15. Bb6 Qb8 16. 0-0 Rfe8 17. Na2 Nxa2 18. Rxa2 d5 19. Nd2 Bc6 20. c4 dxe4 21. Nxe4 Nxe4 22. Bxe4 f6 23. Rd1 Bd8 24. b4 Bxb6+ 25. axb6 Bxe4 26. Qxe4 Rc6 27. c5 Rd8 28. Rad2 Rcc8 29. Rd6 Kf8 30. Rxd8+ 1-0

[Event "NATO-ch 21st"]
[Site "Koge"]
[Date "2010.10.21"]
[Round "6"]
[White "Mottais, Francois"]
[Black "De Cat, Ben"]
[Result "1-0"]
[WhiteElo "2071"]
[BlackElo "1927"]
[PlyCount "69"]
[EventDate "2010.10.18"]
[EventType "swiss"]
[EventRounds "7"]
[EventCountry "DEN"]
[SourceTitle "EXT 2011"]
[Source "ChessBase"]
[SourceDate "2010.11.26"]
[SourceVersion "1"]
[SourceVersionDate "2010.11.26"]
[SourceQuality "1"]

1. d4 Nf6 2. c4 d6 3. Nc3 Nbd7 4. Bg5 h6 5. Bh4 c6 6. e3 e5 7. Nf3 Be7 8. h3 Nh5 9. Bxe7 Qxe7 10. Be2 g6 11. 0-0 Ng7 12. b4 0-0 13. Nd2 f5 14. b5 f4 15. bxc6 bxc6 16. Bf3 Nf5 17. Bxc6 Rb8 18. Nd5 Qg7 19. Nf3 g5 20. dxe5 g4 21. hxg4 Qxg4 22. Nxf4 Rb2 23. Qd5+ Kh8 24. Bxd7 Bb7 25. Bc6 Nxe3 26. fxe3 Rxf4 27. Rf2 Rxf2 28. Kxf2 Bxc6 29. Qxc6 Rxc4 30. Qxd6 Rc2+ 31. Nd2 Qh4+ 32. Ke2 Qc4+ 33. Kd1 Qa4 34. Qf8+ Kh7 35. Qf5+ 1-0

[Event "NATO-ch 20th"]
[Site "Hammelburg"]
[Date "2009.06.17"]
[Round "4"]
[White "Stuhr, Finn"]
[Black "Mottais, Francois"]
[Result "0-1"]
[WhiteElo "1665"]
[BlackElo "2054"]
[PlyCount "54"]
[EventDate "2009.06.15"]
[EventType "swiss"]
[EventRounds "7"]
[EventCountry "GER"]
[SourceTitle "CBM 130 Extra"]
[Source "ChessBase"]
[SourceDate "2009.07.02"]
[SourceVersion "2"]
[SourceVersionDate "2009.07.15"]
[SourceQuality "1"]

1. e4 c5 2. Nf3 d6 3. d4 cxd4 4. Nxd4 Nf6 5. Nc3 a6 6. Bc4 e6 7. a3 Be7 8. Be3 0-0 9. Qd2 Nbd7 10. 0-0-0 Qc7 11. Ba2 b5 12. h3 Nb6 13. f3 Nc4 14. Ndxb5 axb5 15. Nxb5 Qc6 16. Bxc4 Qxc4 17. Nxd6 Qa2 18. Qb4 Bxd6 19. Qxd6 Qa1+ 20. Kd2 Qxb2 21. Rb1 Qa2 22. Qc7 e5 23. Rb3 Ba6 24. Rhb1 Rac8 25. R1b2 Rxc7 26. Rxa2 Bc4 27. Rc3 Rd7+ 0-1

[Event "NATO-ch 20th"]
[Site "Hammelburg"]
[Date "2009.06.15"]
[Round "1"]
[White "Mottais, Francois"]
[Black "Pedersen, Finn"]
[Result "0-1"]
[WhiteElo "2054"]
[BlackElo "2287"]
[PlyCount "126"]
[EventDate "2009.06.15"]
[EventType "swiss"]
[EventRounds "7"]
[EventCountry "GER"]
[SourceTitle "CBM 130 Extra"]
[Source "ChessBase"]
[SourceDate "2009.07.02"]
[SourceVersion "2"]
[SourceVersionDate "2009.07.15"]
[SourceQuality "1"]

1. d4 d5 2. c4 c6 3. Nc3 dxc4 4. e4 b5 5. Nf3 Bg4 6. a4 b4 7. Na2 Bxf3 8. Qxf3 Qxd4 9. Nxb4 Nf6 10. Nc2 Qxe4+ 11. Qxe4 Nxe4 12. Bxc4 Nd6 13. Be2 Nd7 14. Nd4 Rc8 15. Ba6 Rc7 16. Bd2 Nc5 17. Be2 e5 18. Ba5 Rc8 19. b4 Ncb7 20. Nb3 Nxa5 21. Nxa5 Nf5 22. Rb1 Nd4 23. Bd3 Rb8 24. b5 cxb5 25. axb5 Bc5 26. 0-0 0-0 27. Rfc1 Bb6 28. Nc6 Rbe8 29. Re1 f6 30. Ra1 Nxc6 31. bxc6 Kf7 32. Bf5 Rd8 33. Bd7 Ke7 34. Rad1 g6 35. Kf1 Bc7 36. Ra1 Ra8 37. Reb1 Bb6 38. Rd1 Bd4 39. Ra6 Kd6 40. Rb1 Rfb8 41. Rb7 Bb6 42. g4 Rxb7 43. cxb7 Rd8 44. Bc8 Kc7 45. Ke2 Rd4 46. f3 Kb8 47. Ra2 Rf4 48. Ra3 Rb4 49. Rd3 Bd4 50. Rd2 h5 51. h3 h4 52. Ra2 Rb1 53. Rc2 Rh1 54. Rc6 Rxh3 55. Rxf6 e4 56. Rf4 exf3+ 57. Rxf3 Rxf3 58. Kxf3 g5 59. Bf5 Kxb7 60. Ke4 Bf6 61. Kd3 Kc6 62. Kc4 Kd6 63. Kd3 a5 0-1

[Event "NATO-ch 19th"]
[Site "Brussels"]
[Date "2008.08.08"]
[Round "7"]
[White "Nielsen, Jan Mose"]
[Black "Mottais, Francois"]
[Result "0-1"]
[WhiteElo "2155"]
[BlackElo "2093"]
[PlyCount "96"]
[EventDate "2008.08.04"]
[EventType "swiss"]
[EventRounds "7"]
[EventCountry "BEL"]
[SourceTitle "EXT 2015"]
[Source "ChessBase"]
[SourceDate "2014.11.20"]
[SourceVersion "1"]
[SourceVersionDate "2014.11.20"]
[SourceQuality "1"]

1. e4 c5 2. Nf3 d6 3. d4 cxd4 4. Nxd4 Nf6 5. Nc3 a6 6. Be3 e5 7. Nb3 Be6 8. f3 Nbd7 9. Qd2 Be7 10. 0-0-0 b5 11. g4 Nb6 12. g5 Nfd7 13. Nd5 Nxd5 14. exd5 Bf5 15. h4 Rc8 16. Bd3 Bxd3 17. Qxd3 Rb8 18. Bd2 b4 19. f4 a5 20. fxe5 Nxe5 21. Qf5 a4 22. Nd4 Qa5 23. Qe4 0-0 24. Nf5 Rfe8 25. a3 Bf8 26. Bxb4 Qb5 27. Qd4 Nc4 28. Rhg1 Rec8 29. Nh6+ Kh8 30. Nxf7+ Kg8 31. Qg4 Qe8 32. Nh6+ Kh8 33. Nf5 Rxb4 34. axb4 a3 35. bxa3 Nxa3 36. Rd2 Qa4 37. Kd1 Nxc2 38. Ke2 Re8+ 39. Kf2 Qa7+ 40. Kg2 Ne1+ 41. Kh1 Qa3 42. Rf2 Qb3 43. Ne7 Nd3 44. Rf3 Bxe7 45. Qd7 Rg8 46. Qxe7 Qxd5 47. Qf7 Qe4 48. Kh2 Ne5 0-1

[Event "NATO-ch 18th"]
[Site "Ankara"]
[Date "2007.09.03"]
[Round "3"]
[White "Sjol, Henrik"]
[Black "Mottais, Francois"]
[Result "0-1"]
[WhiteElo "1904"]
[BlackElo "2021"]
[PlyCount "58"]
[EventDate "2007.09.01"]
[EventType "swiss"]
[EventRounds "7"]
[EventCountry "TUR"]
[SourceTitle "EXT 2008"]
[Source "ChessBase"]
[SourceDate "2007.11.25"]
[SourceVersion "1"]
[SourceVersionDate "2007.11.25"]
[SourceQuality "1"]
[WhiteTeam "Norway"]
[BlackTeam "France"]
[WhiteTeamCountry "NOR"]
[BlackTeamCountry "FRA"]

1. e4 c5 2. Nf3 d6 3. d4 cxd4 4. Nxd4 Nf6 5. Nc3 a6 6. Be3 e5 7. Nb3 Be6 8. f3 b5 9. g4 h6 10. Qd2 Nbd7 11. Qf2 b4 12. Ne2 Qc7 13. Ng3 d5 14. exd5 Nxd5 15. Bd3 a5 16. Ne4 Nxe3 17. Qxe3 a4 18. Nbd2 g6 19. Qe2 Be7 20. Bc4 Bxc4 21. Nxc4 Nb6 22. Ned2 0-0 23. 0-0 Bg5 24. Nxb6 Qxb6+ 25. Kh1 Rac8 26. Ne4 Rc6 27. c4 bxc3 28. Nxc3 a3 29. Nd5 Qb7 0-1

[Event "NATO-ch 17th"]
[Site "Berkshire"]
[Date "2006.08.21"]
[Round "1"]
[White "Hammond, Andrew JC"]
[Black "Mottais, Francois"]
[Result "1-0"]
[WhiteElo "2208"]
[BlackElo "2003"]
[PlyCount "62"]
[EventDate "2006.08.21"]
[EventType "swiss"]
[EventRounds "7"]
[EventCountry "ENG"]
[SourceTitle "EXT 2007"]
[Source "ChessBase"]
[SourceDate "2006.11.23"]
[SourceVersion "1"]
[SourceVersionDate "2006.11.23"]
[SourceQuality "1"]

1. d4 d5 2. Nf3 Nc6 3. c4 Bg4 4. Nc3 e6 5. e3 Nf6 6. Be2 Be7 7. 0-0 0-0 8. a3 Re8 9. b4 dxc4 10. Bxc4 Bxf3 11. Qxf3 e5 12. d5 e4 13. Qe2 Ne5 14. f4 exf3 15. gxf3 a5 16. Rb1 axb4 17. axb4 Bd6 18. e4 Qe7 19. Kh1 Ng6 20. Nb5 Nf4 21. Qc2 Be5 22. Bd3 N6h5 23. Rg1 Qh4 24. Rg4 Qh3 25. Qf2 c6 26. dxc6 bxc6 27. Nd4 Nf6 28. Rxf4 Bxf4 29. Bxf4 Nxe4 30. fxe4 Rxe4 31. Bg3 Qg4 1-0

[Event "NATO-ch 16th"]
[Site "Kolobrzeg"]
[Date "2005.08.24"]
[Round "4"]
[White "Mottais, Francois"]
[Black "Schott, Guido"]
[Result "1/2-1/2"]
[WhiteElo "2008"]
[BlackElo "2210"]
[PlyCount "96"]
[EventDate "2005.08.21"]
[EventType "swiss"]
[EventRounds "7"]
[EventCountry "POL"]
[SourceTitle "CBM 108 Extra"]
[Source "ChessBase"]
[SourceDate "2005.11.04"]
[SourceVersion "1"]
[SourceVersionDate "2005.11.04"]
[SourceQuality "1"]

1. d4 d5 2. c4 e6 3. Nc3 c5 4. cxd5 cxd4 5. Qxd4 Nc6 6. Qd1 exd5 7. Qxd5 Bd7 8. Nf3 Nf6 9. Qb3 Bc5 10. Bg5 Na5 11. Qc2 Qb6 12. e3 Rc8 13. Be2 0-0 14. a3 h6 15. Bxf6 Qxf6 16. 0-0 Be6 17. Qa4 Nb3 18. Rad1 a6 19. Nd2 Nxd2 20. Rxd2 Ba7 21. Rfd1 Bb8 22. g3 Rc6 23. Ne4 Qe7 24. Nc3 Be5 25. Ne4 f5 26. Nc3 b5 27. Qa5 Bc7 28. Qb4 Qxb4 29. axb4 Bb3 30. Ra1 Rd8 31. Rxd8+ Bxd8 32. Bf3 Rb6 33. Ra3 Bc4 34. Bd5+ Bxd5 35. Nxd5 Rd6 36. Nf4 Bf6 37. Rb3 Rd2 38. Nd3 Rd1+ 39. Kg2 Kf7 40. Kf3 g5 41. Ke2 Rh1 42. Ra3 Rb1 43. Rxa6 Bxb2 44. Rb6 Bf6 45. Rxb5 Kg6 46. Rb6 Kf7 47. Rb5 Kg6 48. Rb6 Kf7 1/2-1/2